Normal view
MARC view
Entry Personal Name
001 - CONTROL NUMBER
- control field: 18052
003 - CONTROL NUMBER IDENTIFIER
- control field: HDC
005 - DATE AND TIME OF LATEST TRANSACTION
- control field: 20230624073525.0
008 - FIXED-LENGTH DATA ELEMENTS
- fixed length control field: 210302|| aca||aabn | a|a d
040 ## - CATALOGING SOURCE
- Original cataloging agency: HDC
- Transcribing agency: HDC
100 ## - HEADING--PERSONAL NAME
- Personal name: Magkilat, Bernie Cahiles
670 ## - SOURCE DATA FOUND
- Source citation: Work cat.: (HDC): Magkilat, Bernie Cahiles author, RP & Kuwait agree to hasten flow of trade and investments / by, 2009
